Nomeie um Pokemon A-Z da 4° Geração - Sinnoh - Statistics

Estatísticas Gerais
  • Esse quiz foi jogado 40 vezes
  • A pontuação média é 13 de 20
Estatísticas das Respostas
Letra Pokemon % Correto
P Pachirisu | Palkia | Phione | Piplup | Porygon Z | Prinplup | Probopass | Purugly
97%
C Carnivine | Chatot | Cherrim | Cherubi | Chimchar | Chingling | Combee | Cranidos | Cresselia | Croagunk
92%
M Magmortar | Magnezone | Mamoswine | Manaphy | Mantyke | Mesprit | Mime Jr | Mismagius | Monferno | Mothim | Munchlax
92%
T Tangrowth | Togekiss | Torterra | Toxicroak | Turtwig
83%
B Bastiodon | Bibarel | Bidoof | Bonsly | Bronzong | Bronzor | Budew | Buizel | Buneary | Burmy
81%
E Electivire | Empoleon
81%
G Gabite | Gallade | Garchomp | Gastrodon | Gible | Giratina | Glaceon | Glameow | Gliscor | Grotle
81%
I Infernape
81%
L Leafeon | Lickilicky | Lopunny | Lucario | Lumineon | Luxio | Luxray
81%
A Abomasnow | Ambipom | Arceus | Azelf
75%
D Darkrai | Dialga | Drapion | Drifblin | Drifloon | Dusknoir
75%
S Shaymin | Shellos | Shieldon | Shinx | Skorupi | Skuntank | Snover | Spiritomb | Staraptor | Staravia | Starly | Stunk
72%
R Rampardos | Regigigas | Rhyperior | Riolu | Roserade | Rotom
67%
F Fineon | Floatzel | Froslass
53%
H Happiny | Heatran | Hippopotas | Hippowdon | Honchkrow
50%
U Uxie
39%
Y Yanmega
39%
W Weavile | Wormadam
33%
K Kricketot | Kricketune
22%
V Vespiquen
19%
Nenhum quiz correspondente encontrado
Distribuição das Pontuações
Porcentagem de Pessoas com Cada Pontuação
Percentil de Números Respondidos
Sua Pontuação Histórica
Você não jogou esse quiz